Preparation and characterization of sulfobuthyleter-βcyclodextrin/clopidogrel bisulphate complexes [abstract] /

Elmentve itt :
Bibliográfiai részletek
Szerzők: Alexander Hansel
Motzwickler-Németh Anett
Isadiartuti Dewi
Ardhani Dwi Lestari Maria Lucia
Ambrus Rita
Testületi szerző: VII. Symposium of Young Researchers on Pharmaceutical Technology, Biotechnology and Regulatory Science
Dokumentumtípus: Könyv része
Megjelent: 2025
Sorozat:Symposium of Young Researchers on Pharmaceutical Technology, Biotechnology and Regulatory Science 7
Kulcsszavak:Gyógyszertechnológia - előadáskivonat, Gyógyszerkutatás - előadáskivonat, Gyógyszerfejlesztés - előadáskivonat, Gyógyszerkémia - előadáskivonat
Tárgyszavak:
doi:10.14232/syrptbrs.2025.70

Online Access:http://acta.bibl.u-szeged.hu/86568
LEADER 01310naa a2200265 i 4500
001 acta86568
005 20250212134133.0
008 250212s2025 hu o 100 eng d
024 7 |a 10.14232/syrptbrs.2025.70  |2 doi 
040 |a SZTE Egyetemi Kiadványok Repozitórium  |b hun 
041 |a eng 
100 1 |a Alexander Hansel 
245 1 0 |a Preparation and characterization of sulfobuthyleter-βcyclodextrin/clopidogrel bisulphate complexes   |h [elektronikus dokumentum] :  |b [abstract] /  |c  Alexander Hansel 
260 |c 2025 
300 |a 70 
490 0 |a Symposium of Young Researchers on Pharmaceutical Technology, Biotechnology and Regulatory Science  |v 7 
650 4 |a Orvos- és egészségtudomány 
650 4 |a Általános orvostudomány 
695 |a Gyógyszertechnológia - előadáskivonat, Gyógyszerkutatás - előadáskivonat, Gyógyszerfejlesztés - előadáskivonat, Gyógyszerkémia - előadáskivonat 
700 0 2 |a Motzwickler-Németh Anett  |e aut 
700 0 2 |a Isadiartuti Dewi  |e aut 
700 0 2 |a Ardhani Dwi Lestari Maria Lucia  |e aut 
700 0 2 |a Ambrus Rita  |e aut 
711 |a VII. Symposium of Young Researchers on Pharmaceutical Technology, Biotechnology and Regulatory Science  |c Szeged  |d 2025. január 29-31. 
856 4 0 |u http://acta.bibl.u-szeged.hu/86568/1/syrptbrs_2025_070.pdf  |z Dokumentum-elérés